Normal view
MARC view
- العرب واليهود- النزاع العربي الاسرائيلي-، القدس تاريخ- الاحتلال الاسرائيلي 1948
Entry Topical Term
001 - CONTROL NUMBER
- control field: 41104
003 - CONTROL NUMBER IDENTIFIER
- control field: JO-AjAnu
005 - DATE AND TIME OF LATEST TRANSACTION
- control field: 20230606080829.0
008 - FIXED-LENGTH DATA ELEMENTS
- fixed length control field: 230606|| aca||aabn | a|a d
040 ## - CATALOGING SOURCE
- Original cataloging agency: JO-AjAnu
- Transcribing agency: JO-AjAnu
150 ## - HEADING--TOPICAL TERM
- Topical term or geographic name entry element: العرب واليهود- النزاع العربي الاسرائيلي-، القدس تاريخ- الاحتلال الاسرائيلي 1948
670 ## - SOURCE DATA FOUND
- Source citation: Work cat.: (JO-AjAnu)21066: تاليف الياسين، جاسم بن محمد بن مهلهل, author 41103, القدس: قضية أمة